Fußball Top 10 #22 (Transfers von Bundesliga in die Premier League) - Statistiken

Allgemein
  • Dieses Quiz wurde 136 mal gespielt
  • Das Durchschnittsergebnis liegt bei 7 aus 10
Antwortstatistiken
Platz Transfersumme Abgebender Verein Spieler % Korrekt
1 125 Mio Bayer 04 Leverkusen Florian Wirtz
98%
2 100 Mio Bayer 04 Leverkusen Kai Havertz
81%
3 95 Mio Eintracht Frakfurt Hugo Ekitike
79%
8 75 Mio Eintracht Frankfurt Omar Marmoush
75%
7 76 Mio VFL Wolfsburg Kevin de Bruyne
69%
9 75 Mio VFB Suttgart Nick Woltemade
69%
5 85 Mio Borussia Dortmund Jadon Sancho
65%
4 90 Mio RB Leipzig Josko Gvardiol
55%
6 76,5 Mio RB Leipzig Benjamin Sesko
48%
10 70 Mio RB Leipzig Dominik Szoboszlai
14%
Keine übereinstimmenden Quizze gefunden
Verteilung der Resultate
Anzahl Personen mit jedem Resultat
Perzentil nach korrekt beantworteten Fragen
Ihre Resultats-Entwicklung
Sie haben dieses Quiz noch nicht gespielt